000 00997nam a2200313 i 4500
001 000008918
003 DO-SdBNP
005 20240904134716.0
007 ta
008 090921s1969 dr 000 0 spa d
040 _aDO-SdBNP
_bspa
_cBNPHU
_erda
041 _aspa
082 4 _aRD860.9
_bF819L
_222
100 1 _aFrancisco, Ramón
_920549
_d1929-
_4aut.
_eautor
245 1 0 _aLiteratura dominicana 60 /
_cRamón Francisco.
264 _aSantiago de los Caballeros :
_bUCMM,
_c1969.
300 _a250 páginas ;
_c19 cm.
336 _2rdacontent
_atexto
_btxt
337 _2rdamedia
_asin mediación
_bn
338 _2rdacarrier
_avolumen
_bnc
490 0 _aContemporáneos
500 _aIncluye índice
590 _aInventariado, 2024/MFF
650 7 _aLiteratura dominicana
_ySiglo XX
_985167
_2LEMB
650 7 _aLiteratura dominicana
_xHistoria
_91311
_2LEMB
710 2 _aUniversidad Católica Madre y Maestra
_986523
910 _aValidado. Control de calidad MFF
942 _2ddc
_cLBS1
999 _c8684
_d8684